000 00579nam a2200205Ia 4500
003 OSt
005 20230412151949.0
008 210423s2008 xx 000 0 und d
020 _a139788179929193
040 _cAL
041 _aeng
082 _223
_a302.23
_bTURP
100 _aTURNER (Paul).
_987221
245 _aOrganisational communication: role of the HR professional.
260 _aMumbai
_bJaico Publishing House
_c2008
300 _axii,186
_bPB
365 _b325
_cINR
906 _acommunication: ; HR ; Organisational ; professional. ; role
942 _2ddc
_cBK
999 _c157283
_d157283